Cheating Covid: (Record no. 190056)

MARC details
000 -LEADER
fixed length control field 00642nam a22002057a 4500
005 - DATE AND TIME OF LATEST TRANSACTION
control field 20220718112412.0
010 ## - LCCN (DPL NO)
LC control number ENG-133619
020 ## - INTERNATIONAL STANDARD BOOK NUMBER
International Standard Book Number 9789390961580
Terms of availability 399.00
035 ## - SYSTEM CONTROL NUMBER
System control number EN-117151
037 ## - SOURCE OF ACQUISITION
Source of stock number/acquisition DBAD/PUB
082 ## - DEWEY DECIMAL CLASSIFICATION NUMBER
Classification number N
100 ## - MAIN ENTRY--PERSONAL NAME
Personal name Gokhale,Manasi
245 ## - TITLE STATEMENT
Title Cheating Covid:
Remainder of title a family's journey to hell and back/
Statement of responsibility, etc by Manasi,Gokhale;Rohan Bavadekar and Sharmistha Chaudhuri
260 ## - PUBLICATION, DISTRIBUTION, ETC. (IMPRINT)
Place of publication, distribution, etc New Delhi
Name of publisher, distributor, etc Vitasta Publishing
Date of publication, distribution, etc 2022
270 ## - ADDRESS
Address 2/15,Ansari Road Daryaganj,
City New Delhi
Postal code 110002
300 ## - PHYSICAL DESCRIPTION
Extent 224p.:
Dimensions 22cm(pbk)
Other physical details ill
700 ## - ADDED ENTRY--PERSONAL NAME
Personal name Bavadekar ,Rohan
700 ## - ADDED ENTRY--PERSONAL NAME
Personal name Chaudhuri,Sharmistha
942 ## - ADDED ENTRY ELEMENTS (KOHA)
Source of classification or shelving scheme Dewey Decimal Classification
Item type English Books
Classification part N
Call number suffix GOK
Holdings
Withdrawn status Lost status Not for loan Collection code Home library Current library Date acquired Source of acquisition Cost, normal purchase price Full call number Barcode Copy number Cost, replacement price Koha item type
      Fiction Bawana Bawana 18/07/2022 DBAD/PUB 399.00 N GOK EN-117151 1 399.00 English Books

© Delhi Public Library
Hit Counter
free hit counter